000 00422nam a22001697a 4500
005 20160630124115.0
008 160630b xxu||||| |||| 00| 0 eng d
020 _a81-219-2829-X
041 _aeng
082 _b19789
100 _aKhurmi R S
_944
245 _aRefrigeration Table with Charts`
260 _aNew Delhi
_bSultan Chand & Sons,
_c2014
300 _a39
650 _aDiploma Engineering
_9817
942 _cBK
999 _c4929
_d4927